Erdély Kör - húsvétkor is. [rövid hír]
Elmentve itt :
| Dokumentumtípus: | Cikk |
|---|---|
| Megjelent: |
1989-03-25
|
| Sorozat: | Délmagyarország
|
| Kulcsszavak: | Erdély Kör |
| Online Access: | http://univ.bibl.u-szeged.hu/25814 |
| LEADER | 00420nab a2200145 i 4500 | ||
|---|---|---|---|
| 001 | univ25814 | ||
| 005 | 20171214105043.0 | ||
| 008 | 171214s1989 hu o 0|| zxx d | ||
| 040 | |a SZTE UnivHistória Repozitórium |b hun | ||
| 041 | |a zxx | ||
| 245 | 0 | 0 | |a Erdély Kör - húsvétkor is. [rövid hír] |h [elektronikus dokumentum] |
| 260 | |c 1989-03-25 | ||
| 490 | 0 | |a Délmagyarország | |
| 561 | |a Egyetemi hirarchívum | ||
| 695 | |a Erdély Kör | ||